000 00410nam a22001697a 4500
999 _c525669
_d525669
003 NUST
020 _cPaperback
038 _aM. Shaban
082 _a891.4911
_bGUL
100 _aGulzar
_99801
245 _aAdab khazeenai /
_cGulzar
260 _aLahore :
_bGulzar Brothers,
_c1993.
300 _a151 p. ;
880 _6100-01\r
_aگلزار
880 _6245-02\r
_aاَدب خزینے /
942 _2ddc
_cBK